000 00969nam0a22002771 4500
001 RU\INFOCOMM_327\NLR\5000016102
005 20250613104313.0
035 _a(NLR Aleph) 009491390
090 _a8651051
_c8651051
100 _a20121217d1986 |||y0rusy50 ca
101 1 _afre
_crus
102 _aRU
105 _ay z |||||
200 1 _aLa religion et l'Eglise en URSS
_fV. Kouroédov
_g[Trad. du russe par Alexandre Karamanov]
210 _aM.
_cProgrès
_d1986
215 _a178 с., [12] л.
_cил., цв. ил., факс., портр.
_d20 см
300 _aНа обороте тит. л.: Религия и церковь в советском обществе
620 _aМосква
686 _aЭ239(2)7
_2rubbk
700 1 _9z01790
_aKuroedov
_bV. A.
_f1906-
_gVladimir Alekseevič
790 1 _9z01700
_aKouroédov
_bV.
_4070
801 1 _aRU
_bInfocomm
_c20121217
801 0 _aRU
_bINFOCOMM
_gPSBO
852 _aNLR
_jP11 Д-3/25
942 _cBOOK
980 _aNB